| 000 | 00589nam a2200217Ia 4500 | ||
|---|---|---|---|
| 005 | 20241129111505.0 | ||
| 008 | 241129s9999||||xx |||||||||||||| ||und|| | ||
| 020 | _a978-81-970271-3-0 | ||
| 037 | _aTB | ||
| 040 |
_aCRL _beng _cCRL |
||
| 041 |
_aeng _2eng |
||
| 084 |
_aV2y7M83 R4 _qCRL |
||
| 100 |
_aJain Amit Rai Au. _939192 |
||
| 245 | 0 |
_aSavarkar: advocate of hindutva _cJain Amit Rai Au. |
|
| 260 |
_aNew Delhi, India _bKitabwale _c2024 |
||
| 300 | _axv,268p. | ||
| 365 |
_aINR _b1800 |
||
| 650 | _a History | ||
| 942 |
_cTB _hV2y7M83 R4 |
||
| 999 |
_c1230695 _d1230695 |
||